| 000 | 00699cam a2200217 4500 | ||
|---|---|---|---|
| 001 | he 68003101 | ||
| 003 | DLC | ||
| 005 | 20260227111504.0 | ||
| 008 | 691021s1968 is b 00010 eng | ||
| 010 | _ahe 68003101 //r85 | ||
| 025 | _aPl480:Is-8638 | ||
| 041 | 1 | _aengheb | |
| 050 | 0 |
_aHC497.P2 _bA51615 |
|
| 082 | _a338.95694 | ||
| 110 | 1 | 0 |
_aIsrael. _bRashut le-tikhnun kalkali. |
| 245 | 1 | 0 |
_aIsrael economic development; _bpast progress and plan for the future. Final draft. _c[Translated from the Hebrew] |
| 260 | 0 |
_aJerusalem, _bPrime Minister's Office, Economic Planning Authority, _c1968. |
|
| 300 |
_a551 p. _bcol. maps. _c24 cm. |
||
| 350 | _a22.00 | ||
| 651 | 0 |
_aIsrael _xEconomic policy. |
|
| 999 |
_c33791 _d33791 |
||